Don Mariano Lebrón Saviñón, un hombre de antorchas múltiples / (Record no. 110107)

MARC details
000 -LEADER
campo de control de longitud fija 01265cam a2200325 4500
001 - NÚMERO DE CONTROL
campo de control 13745
005 - FECHA Y HORA DE LA ÚLTIMA TRANSACCIÓN
campo de control 20230411085949.0
008 - DATOS DE LONGITUD FIJA--INFORMACIÓN GENERAL
campo de control de longitud fija 060907n1992 dr spa
035 ## - NÚMERO DE CONTROL DEL SISTEMA
-- funglode13864
035 ## - NÚMERO DE CONTROL DEL SISTEMA
Número de control de sistema (OCoLC)ocm70893953
040 ## - FUENTE DE CATALOGACIÓN
Centro catalogador/agencia de origen UBY
Centro/agencia transcriptor UBY
Centro/agencia modificador OCLCG
020 ## - NÚMERO INTERNACIONAL ESTÁNDAR DEL LIBRO
Número Internacional Estándar del Libro 9993431192
020 ## - NÚMERO INTERNACIONAL ESTÁNDAR DEL LIBRO
Número Internacional Estándar del Libro 9789993431190
035 ## - NÚMERO DE CONTROL DEL SISTEMA
Número de control de sistema (OCoLC)70893953
049 ## - FONDOS LOCALES (OCLC)
Biblioteca depositaria GRAL
100 1# - ENTRADA PRINCIPAL--NOMBRE DE PERSONA
Nombre de persona Villegas, Víctor,
Fechas asociadas al nombre 1924-
245 10 - MENCIÓN DEL TÍTULO
Título Don Mariano Lebrón Saviñón, un hombre de antorchas múltiples /
Mención de responsabilidad, etc. Víctor Villegas.
260 ## - PUBLICACIÓN, DISTRIBUCIÓN, ETC.
Lugar de publicación, distribución, etc. [Santo Domingo] :
Nombre del editor, distribuidor, etc. Biblioteca Nacional Pedro Henríquez Ureña,
Fecha de publicación, distribución, etc. [2002]
300 ## - DESCRIPCIÓN FÍSICA
Extensión 16 p. ;
Dimensiones 22 cm.
490 1# - MENCIÓN DE SERIE
Mención de serie Serie Biografía
490 1# - MENCIÓN DE SERIE
Mención de serie Colección Biblioteca Nacional Pedro Henríquez Ureña
500 ## - NOTA GENERAL
Nota general Published previously as prologue in Lebrón Saviñón's Santo Domingo en la vida de Martí y otros ensayos.
600 10 - PUNTO DE ACCESO ADICIONAL DE MATERIA--NOMBRE DE PERSONA
Nombre de persona Lebrón Saviñón, Mariano.
650 #0 - PUNTO DE ACCESO ADICIONAL DE MATERIA--TÉRMINO DE MATERIA
Término de materia o nombre geográfico como elemento de entrada Authors, Dominican
Subdivisión cronológica 20th century
Subdivisión de forma Biography.
700 1# - ENTRADA AGREGADA--NOMBRE PERSONAL
Nombre de persona Lebrón Saviñón, Mariano.
Título de la obra Santo Domingo en la vida de Martí y otros ensayos.
830 #0 - PUNTO DE ACCESO ADICIONAL DE SERIE-TÍTULO UNIFORME
Título uniforme Serie Biografía (Biblioteca Nacional Pedro Henríquez Ureña)
830 #0 - PUNTO DE ACCESO ADICIONAL DE SERIE-TÍTULO UNIFORME
Título uniforme Colección de la Biblioteca Nacional Pedro Henríquez Ureña.
942 ## - ELEMENTOS DE ENTRADA SECUNDARIOS (KOHA)
Fuente del sistema de clasificación o colocación Clasificación de Library of Congress
Tipo de ítem Koha
994 ## -
-- C0
-- DRFGD
Holdings
Estatus retirado Estado de pérdida Fuente del sistema de clasificación o colocación Estado de daño No para préstamo Colección Biblioteca de origen Biblioteca actual Ubicación en estantería Fecha de adquisición Código de barras Visto por última vez Copia número Tipo de ítem Koha
    Clasificación de Library of Congress     Automatización y Procesos Técnicos Biblioteca Juan Bosch Biblioteca Juan Bosch Automatización y Procesos Técnicos (1er. Piso) 17/02/2019 00000011854 17/02/2019 1